[Event "MSR2018s4"]
[Site "?"]
[Date "2018.04.22"]
[Round "3.23"]
[White "Vargosko, Juraj"]
[Black "Balusik, Branislav"]
[Result "1-0"]
[BlackElo "1161"]
[WhiteElo "1504"]
[LiveChessVersion "1.4.8"]

1. e4 {[%clk 1:30:57]} e5 {[%clk 1:30:54]} 2. Nf3 {[%clk 1:31:11]} Nc6
{[%clk 1:31:10]} 3. Bb5 {[%clk 1:31:01]} a6 {[%clk 1:31:26]} 4. Bxc6
{[%clk 1:31:24]} dxc6 {[%clk 1:31:36]} 5. Nc3 {[%clk 1:29:43]} Bd6
{[%clk 1:31:53]} 6. d4 {[%clk 1:29:32]} f6 {[%clk 1:31:34]} 7. dxe5
{[%clk 1:29:18]} fxe5 {[%clk 1:31:32]} 8. Be3 {[%clk 1:27:54]} Bg4
{[%clk 1:32:18]} 9. h3 {[%clk 1:26:37]} Bh5 {[%clk 1:32:29]} 10. Qe2
{[%clk 1:25:01]} Nf6 {[%clk 1:32:42]} 11. O-O-O {[%clk 1:25:08]} O-O
{[%clk 1:32:57]} 12. g4 {[%clk 1:25:25]} Bg6 {[%clk 1:33:12]} 13. Bg5
{[%clk 1:23:41]} Qe7 {[%clk 1:33:18]} 14. Nh4 {[%clk 1:22:22]} Bf7
{[%clk 1:33:10]} 15. Nf5 {[%clk 1:22:15]} Qe6 {[%clk 1:33:05]} 16. Kb1
{[%clk 1:19:59]} Bb4 {[%clk 1:31:50]} 17. Bxf6 {[%clk 1:15:08]} Qxf6
{[%clk 1:31:54]} 18. Qe3 {[%clk 1:15:06]} Qe6 {[%clk 1:31:16]} 19. b3
{[%clk 1:14:24]} c5 {[%clk 1:30:20]} 20. Nd5 {[%clk 1:13:12]} Qd7
{[%clk 1:27:40]} 21. Nde7+ {[%clk 1:13:28]} Qxe7 {[%clk 1:26:57]} 22. Nxe7+
{[%clk 1:13:48]} Kh8 {[%clk 1:27:24]} 23. Nd5 {[%clk 1:13:44]} Bxd5 24. exd5
{[%clk 1:14:00]} Rad8 {[%clk 1:27:27]} 25. Qxe5 {[%clk 1:13:17]} Rd7
{[%clk 1:26:57]} 26. d6 {[%clk 1:13:03]} cxd6 {[%clk 1:27:04]} 27. Rxd6
{[%clk 1:13:24]} Rxd6 {[%clk 1:26:33]} 28. Qxd6 {[%clk 1:13:46]} Re8
{[%clk 1:26:48]} 29. Qd7 {[%clk 1:13:27]} Rf8 {[%clk 1:26:31]} 30. Rd1
{[%clk 1:13:35]} h6 {[%clk 1:26:28]} 31. Qe7 {[%clk 1:13:41]} Kg8
{[%clk 1:26:33]} 32. Rd7 {[%clk 1:13:47]} Rf7 {[%clk 1:26:41]} 33. Qxf7+
{[%clk 1:14:04]} Kh7 {[%clk 1:26:47]} 34. Qxg7# {[%clk 1:14:30]} 1-0

[Event "MSR2018s4"]
[Site "?"]
[Date "2018.04.22"]
[Round "3.24"]
[White "Tokarcik, Jan"]
[Black "Azari, Martin"]
[Result "1-0"]
[BlackElo "1000"]
[WhiteElo "1343"]
[LiveChessVersion "1.4.8"]

1. e4 {[%clk 1:30:58]} e5 {[%clk 1:30:44]} 2. Nf3 {[%clk 1:31:04]} Nc6
{[%clk 1:30:35]} 3. Bc4 {[%clk 1:31:09]} Nd4 {[%clk 1:30:22]} 4. Nxd4
{[%clk 1:30:27]} exd4 {[%clk 1:30:39]} 5. d3 {[%clk 1:30:20]} c6 {[%clk 1:30:37]}
6. O-O {[%clk 1:29:32]} Qf6 {[%clk 1:30:05]} 7. c3 {[%clk 1:26:41]} d5
{[%clk 1:28:24]} 8. exd5 {[%clk 1:25:47]} Qg6 {[%clk 1:28:21]} 9. Re1+
{[%clk 1:25:08]} Be7 {[%clk 1:28:39]} 10. dxc6 {[%clk 1:24:43]} Bg4
{[%clk 1:28:33]} 11. f3 {[%clk 1:24:40]} Bh5 {[%clk 1:27:24]} 12. cxb7
{[%clk 1:24:17]} Rb8 {[%clk 1:27:37]} 13. Bb5+ {[%clk 1:24:29]} Kf8
{[%clk 1:27:32]} 14. Qc2 {[%clk 1:23:07]} Bh4 15. Re8+ Rxe8 {[%clk 1:25:49]} 16.
Bxe8 {[%clk 1:23:02]} Qd6 {[%clk 1:25:43]} 17. Qb3 {[%clk 1:22:45]} Kxe8
{[%clk 1:25:05]} 18. b8=Q+ {[%clk 1:22:43]} Ke7 {[%clk 1:24:44]} 19. Q3b7+
{[%clk 1:22:51]} Ke6 {[%clk 1:23:25]} 20. Qe4+ {[%clk 1:22:51]} Qe5
{[%clk 1:23:05]} 21. Qbxe5+ 1-0